[Event "URS"]
[Site "Soviet Union"]
[Date "1985.??.??"]
[Round "?"]
[White "Khalifman, Alexander"]
[Black "Varlamov, Viacheslav"]
[Result "1/2-1/2"]
[WhiteElo "2485"]
[BlackElo "2350"]
[PlyCount "29"]
[EventDate "1985.??.??"]
[EventType "game"]
[EventCountry "URS"]
[SourceTitle "EXT 2008"]
[Source "ChessBase"]
[SourceDate "2007.11.25"]
[SourceVersion "1"]
[SourceVersionDate "2007.11.25"]
[SourceQuality "1"]

1. e4 c5 2. Nc3 Nc6 3. Nf3 Nf6 4. Bb5 Nd4 5. e5 Nxb5 6. Nxb5 Nd5 7. Ng5 f5 8.
O-O a6 9. Nc3 Nb4 10. a3 Nc6 11. Nd5 Nxe5 12. d4 cxd4 13. Bf4 d6 14. Re1 e6 15.
Qxd4 1/2-1/2

[Event "URS-chT Republics 17th final"]
[Site "Volgograd"]
[Date "1985.01.16"]
[Round "2.6"]
[White "Sturua, Zurab"]
[Black "Khalifman, Alexander"]
[Result "1/2-1/2"]
[WhiteElo "2420"]
[BlackElo "2485"]
[PlyCount "30"]
[EventDate "1985.01.15"]
[EventType "team-swiss"]
[EventRounds "7"]
[EventCountry "URS"]
[SourceTitle "EXT 2008"]
[Source "ChessBase"]
[SourceDate "2007.11.25"]
[SourceVersion "1"]
[SourceVersionDate "2007.11.25"]
[SourceQuality "1"]
[WhiteTeam "Georgia"]
[BlackTeam "Leningrad"]
[WhiteTeamCountry "GEO"]
[BlackTeamCountry "URS"]

1. d4 Nf6 2. c4 e6 3. Nf3 b6 4. Nc3 Bb7 5. a3 d5 6. cxd5 Nxd5 7. Qc2 Nxc3 8.
bxc3 Nd7 9. e4 c5 10. Bd3 Qc7 11. Qb1 g6 12. h4 h6 13. Be3 Bg7 14. O-O O-O 15.
Qc1 cxd4 1/2-1/2

[Event "URS U26-ch"]
[Site "Lvov"]
[Date "1985.01.??"]
[Round "?"]
[White "Vyzmanavin, Alexey"]
[Black "Khalifman, Alexander"]
[Result "1/2-1/2"]
[WhiteElo "2485"]
[BlackElo "2485"]
[PlyCount "38"]
[EventDate "1985.01.24"]
[EventType "tourn"]
[EventRounds "15"]
[EventCountry "URS"]
[EventCategory "9"]
[SourceTitle "MCD"]
[Source "ChessBase"]
[SourceDate "1999.07.01"]
[SourceVersion "1"]
[SourceVersionDate "1999.07.01"]
[SourceQuality "1"]

1. d4 Nf6 2. c4 e6 3. Nc3 Bb4 4. e3 O-O 5. Bd3 b6 6. e4 d5 7. cxd5 exd5 8. e5
Ne4 9. Nge2 Bg4 10. Qc2 Bxe2 11. Bxe2 c5 12. O-O Nc6 13. Nxe4 Nxd4 14. Qd3 dxe4
15. Qxe4 Re8 16. Bc4 Qd7 17. a3 Ba5 18. Be3 Qf5 19. Qxf5 Nxf5 1/2-1/2

[Event "Moscow International-B"]
[Site "Moscow"]
[Date "1985.04.??"]
[Round "?"]
[White "Kaidanov, Gregory S"]
[Black "Khalifman, Alexander"]
[Result "1/2-1/2"]
[WhiteElo "2415"]
[BlackElo "2485"]
[PlyCount "27"]
[EventDate "1985.04.12"]
[EventType "tourn"]
[EventRounds "13"]
[EventCountry "URS"]
[EventCategory "8"]
[SourceTitle "MCL"]
[Source "ChessBase"]
[SourceDate "1999.07.01"]
[SourceVersion "1"]
[SourceVersionDate "1999.07.01"]
[SourceQuality "1"]

1. d4 Nf6 2. c4 e6 3. Nc3 Bb4 4. e3 b6 5. Nge2 Ba6 6. a3 Be7 7. Nf4 d5 8. cxd5
Bxf1 9. Kxf1 Nxd5 10. Ncxd5 exd5 11. Qh5 c6 12. Ne6 g6 13. Qe5 Bf6 14. Nxd8+
1/2-1/2

[Event "Match/City Leningrad-Moscow"]
[Site "Leningrad"]
[Date "1985.05.??"]
[Round "?"]
[White "Khalifman, Alexander"]
[Black "Glek, Igor Vladimirovich"]
[Result "1/2-1/2"]
[WhiteElo "2485"]
[BlackElo "2405"]
[PlyCount "41"]
[EventDate "1985.05.01"]
[EventType "team"]
[EventRounds "2"]
[EventCountry "URS"]
[SourceTitle "EXT 2010"]
[Source "ChessBase"]
[SourceDate "2010.11.25"]
[SourceVersion "1"]
[SourceVersionDate "2010.11.25"]
[SourceQuality "1"]

1. e4 e5 2. Nf3 Nc6 3. Bb5 f5 4. d4 (4. Nc3) 4... fxe4 5. Nxe5 Nxe5 6. dxe5 c6
7. Nc3 cxb5 (7... d5) 8. Nxe4 d5 9. exd6 Nf6 10. Qd4 Be7 (10... Qd7 11. O-O
Nxe4 12. Re1 Kf7 $13) 11. Bg5 Bf5 12. O-O-O $14 Bxe4 13. Rhe1 Qxd6 14. Qxd6
Bxd6 15. Rxd6 O-O 16. Bxf6 Bxg2 17. Rg1 Rxf6 18. Rxf6 gxf6 19. Rxg2+ Kf7 20.
Rg3 Rc8 21. Kd2 1/2-1/2

[Event "EU-ch U21"]
[Site "Groningen"]
[Date "1985.12.20"]
[Round "3"]
[White "Khalifman, Alexander"]
[Black "Piket, Jeroen"]
[Result "1-0"]
[WhiteElo "2485"]
[BlackElo "2380"]
[Annotator "Witkowski,S"]
[PlyCount "75"]
[EventDate "1985.12.18"]
[EventType "swiss"]
[EventRounds "13"]
[EventCountry "NED"]
[SourceTitle "EXT 2000"]
[Source "ChessBase"]
[SourceDate "1999.11.16"]
[SourceVersion "1"]
[SourceVersionDate "1999.11.16"]
[SourceQuality "1"]

1. e4 c5 2. Nf3 d6 3. d4 cxd4 4. Nxd4 Nf6 5. Nc3 Nc6 6. Be2 e5 7. Nf3 (7. Nb3)
7... h6 8. O-O Be7 9. Re1 O-O 10. h3 a6 $6 (10... Be6 $142) 11. Bf1 b5 $2 12.
a4 $1 (12. a3 $2 Bb7 13. b3 Rc8 14. Bb2 Rc7 15. Nb1 Qc8 $15 {[Unzicker -
Taimanov, Stockholm 1952]}) 12... b4 13. Nd5 Nxd5 14. exd5 Nb8 15. a5 $1 Bf5 (
15... Nd7 $6 16. Bd2 Rb8 17. Ra4 $16) 16. Bd2 Qc7 17. Bxb4 Bxc2 (17... Qxc2 $6
18. Qxc2 Bxc2 19. Nxe5 $1 $16) 18. Qd2 Bf5 19. Nxe5 $1 Bg5 (19... dxe5 20. d6
$1) 20. f4 Bh4 21. Nc4 $1 Bxe1 22. Rxe1 Rd8 23. g4 $1 Nd7 (23... Bc8 $2 24.
Bxd6 Rxd6 25. Nxd6 Qxd6 26. Re8+ Kh7 27. Rxc8 $16) (23... Bh7 $2 24. Bxd6 $1)
24. gxf5 Nf6 25. Nb6 Rab8 26. Bc3 Re8 27. Rxe8+ Rxe8 28. Bxa6 Ne4 29. Qe3 Nf6
30. Qd2 Ne4 31. Qd4 Nxc3 32. Qxc3 Qe7 33. Bb5 Rb8 34. Bf1 Qe4 35. Qd2 Qb1 36.
Qf2 Qa2 37. a6 Qa5 38. b4 1-0

[Event "EU-ch U21"]
[Site "Groningen"]
[Date "1985.12.24"]
[Round "7"]
[White "Khalifman, Alexander"]
[Black "Zysk, Robert"]
[Result "1-0"]
[WhiteElo "2485"]
[BlackElo "2340"]
[PlyCount "71"]
[EventDate "1985.12.18"]
[EventType "swiss"]
[EventRounds "13"]
[EventCountry "NED"]
[SourceTitle "EXT 2000"]
[Source "ChessBase"]
[SourceDate "1999.11.16"]
[SourceVersion "1"]
[SourceVersionDate "1999.11.16"]
[SourceQuality "1"]

1. e4 e5 2. Nf3 Nf6 3. d4 exd4 4. e5 Ne4 5. Qxd4 d5 6. exd6 Nxd6 7. Nc3 Nc6 8.
Qf4 g6 9. Nd4 Bg7 10. Nxc6 bxc6 11. Be2 O-O 12. O-O Rb8 13. Qa4 Bf5 14. Bf3 Nb5
15. Ne2 c5 16. c3 Bd3 17. Rd1 c4 18. Nf4 Bxc3 19. Nxd3 cxd3 20. bxc3 Nxc3 21.
Qf4 Nxd1 22. Bxd1 Rb5 23. Bb3 Rf5 24. Qd2 Re8 25. Bb2 Re2 26. Qc3 Rfe5 27. Bc4
Qd4 28. Rf1 Qxc3 29. Bxc3 Rc5 30. Bxd3 Rxa2 31. Bd4 Rc6 32. Rb1 Kf8 33. Be4
Rca6 34. Bb7 R6a5 35. Bf6 Rxf2 36. Bf3 1-0

[Event "EU-ch U21"]
[Site "Groningen"]
[Date "1985.12.26"]
[Round "8"]
[White "Arlandi, Ennio"]
[Black "Khalifman, Alexander"]
[Result "0-1"]
[WhiteElo "2310"]
[BlackElo "2485"]
[Annotator "Witkowski,S"]
[PlyCount "74"]
[EventDate "1985.12.18"]
[EventType "swiss"]
[EventRounds "13"]
[EventCountry "NED"]
[SourceTitle "EXT 2000"]
[Source "ChessBase"]
[SourceDate "1999.11.16"]
[SourceVersion "1"]
[SourceVersionDate "1999.11.16"]
[SourceQuality "1"]

1. d4 Nf6 2. c4 g6 3. Nc3 Bg7 4. e4 d6 5. f3 O-O 6. Be3 c5 (6... e5 7. d5 Nh5
8. Qd2 f5 9. exf5 gxf5 10. O-O-O $14) (6... Nbd7 7. Qd2 c5 8. d5 Ne5 $1 9. h3
$2 Nh5 10. Bf2 f5 11. exf5 Rxf5 $36 {[Timman - Nunn, Wijk aan Zee 1985]}) (6...
Nc6 7. Nge2 a6 8. Qd2 Rb8 9. h4 h5 10. O-O-O b5 $10) 7. dxc5 dxc5 8. Qxd8 Rxd8
9. Bxc5 Nc6 10. Rd1 Nd7 11. Ba3 b6 12. Nge2 $6 (12. Nd5 $5 e6 (12... Nc5 $2 13.
Nxe7+) 13. Ne7+ Nxe7 14. Bxe7 Re8 15. Ba3 Nc5 16. b3 (16. Nh3 f5 17. Nf2 Bb7
18. exf5 exf5+ 19. Be2 Na4 $5 20. Rd2 Rad8 21. Rc2 $15) 16... Bb7 17. Nh3 f5
$36) 12... Bb7 13. Nd5 Nde5 $1 14. Nc1 e6 15. Ne7+ Nxe7 16. Bxe7 $2 (16. Rxd8+
Rxd8 17. Bxe7 Re8 18. Ba3 f5 19. exf5 exf5 20. Kf2 g5) 16... Rxd1+ 17. Kxd1 Re8
18. Bg5 (18. Ba3 f5 19. exf5 Nxf3 $1) 18... f5 $1 19. exf5 Nxf3 $1 20. f6 Nxg5
(20... Bh8 $2 21. h4 $1) 21. fxg7 Nh3 $1 22. Nd3 Kxg7 23. Ke1 Rd8 24. Ne5 g5 $1
25. Ng4 (25. Nf3 g4) 25... h5 26. Ne3 g4 27. Be2 Nf4 28. Rg1 Rd4 {/\ 29...Re4}
29. Bf1 Ng6 30. Be2 Nf4 31. Bf1 Be4 $1 32. a3 e5 33. g3 Nd3+ 34. Bxd3 Rxd3 35.
Nd1 (35. Ke2 $2 Rd4 36. b3 Bf3+ 37. Ke1 Rd3 $19) 35... Bf3 36. Nc3 e4 $1 37.
Nd5 e3 0-1

[Event "EU-ch U21"]
[Site "Groningen"]
[Date "1985.12.27"]
[Round "9"]
[White "Khalifman, Alexander"]
[Black "Howell, James C"]
[Result "1/2-1/2"]
[WhiteElo "2485"]
[BlackElo "2370"]
[Annotator "Witkowski,S"]
[PlyCount "103"]
[EventDate "1985.12.18"]
[EventType "swiss"]
[EventRounds "13"]
[EventCountry "NED"]
[SourceTitle "EXT 2000"]
[Source "ChessBase"]
[SourceDate "1999.11.16"]
[SourceVersion "1"]
[SourceVersionDate "1999.11.16"]
[SourceQuality "1"]

1. d4 Nf6 2. Nf3 g6 3. Bg5 Bg7 4. Nbd2 O-O (4... h6 5. Bh4 d6 6. e4 g5 7. Bg3
h5 8. c3 e6 9. Bd3 O-O 10. O-O b6 11. Nc4 $14 {[Chernin - Gavrikov, Moskau
1985]}) (4... c5 5. Bxf6 Bxf6 6. Ne5) 5. c3 d6 6. e4 c5 7. dxc5 dxc5 8. Be2 Nc6
9. h3 Qc7 10. O-O h6 11. Be3 b6 12. Qc2 Bb7 13. Rfe1 Nh5 $1 14. a4 Rad8 15. Nc4
Nf4 16. Bf1 Nb8 $1 17. Qc1 (17. Rad1 Nd7 18. Qc1 $14) 17... g5 18. h4 f5 19.
Bxf4 $6 (19. hxg5 $5 fxe4 20. gxh6 Bxh6 $1 21. Nfe5 Rf5 22. g3 Nd3 $5 23. Bxd3
Bxe3 24. Nxe3 Rxe5 25. Bc4+ Kg7 26. Kg2 Rh5 27. Rh1 $13) 19... gxf4 20. e5 Bxf3
21. gxf3 Nc6 22. Qxf4 a6 $1 23. Qg3 $2 (23. Kh1 $142 b5 24. axb5 axb5 25. Ne3
Nxe5 26. Nxf5 Kh8 27. Ra6 $1) 23... Kh8 24. Kh1 b5 25. axb5 axb5 26. Na3 (26.
Ne3 Nxe5) 26... Bxe5 27. Qh3 b4 28. Nc4 Bg7 (28... bxc3 29. Nxe5 Nxe5 30. bxc3
Rf6 31. Ra6 $13 (31. Qg3 $13)) 29. Re6 Qd7 30. Rae1 Rf6 31. Rxf6 Bxf6 32. Qg3
Kh7 33. Bh3 e6 34. Qf4 Rg8 $1 35. Nd6 (35. Rxe6 $4 Qd1+ $1) 35... Qg7 36. Qc4
Nd8 37. cxb4 cxb4 38. Qxb4 Bxb2 39. Qf4 Bc3 40. Rb1 Be5 41. Qb4 Kh8 42. Nc4 Bf6
$2 (42... Bd4 $15) 43. Ne3 Nc6 44. Qf4 Be5 45. Qc4 Nd4 46. Ng2 Bf6 (46... Qc7
$1 47. Qxc7 Bxc7 48. Rb7 Rc8 $15) 47. Qd3 Qc7 48. Qe3 Kh7 49. Nf4 Qc6 50. Nxe6
Qxe6 51. Qxe6 Nxe6 52. Bxf5+ (52. Bxf5+ Kh8 53. Bxe6 Re8) 1/2-1/2

[Event "URS"]
[Site "Soviet Union"]
[Date "1986.??.??"]
[Round "?"]
[White "Khalifman, Alexander"]
[Black "Shabalov, Alexander"]
[Result "1-0"]
[WhiteElo "2500"]
[BlackElo "2365"]
[PlyCount "85"]
[EventDate "1986.??.??"]
[EventType "game"]
[EventRounds "9"]
[EventCountry "URS"]
[SourceTitle "EXT 2010"]
[Source "ChessBase"]
[SourceDate "2010.11.25"]
[SourceVersion "1"]
[SourceVersionDate "2010.11.25"]
[SourceQuality "1"]

1. e4 Nf6 2. e5 Nd5 3. d4 d6 4. Nf3 Bg4 5. Be2 e6 6. O-O Be7 7. c4 Nb6 8. h3
Bh5 9. Nc3 O-O 10. Be3 a5 11. b3 d5 12. c5 N6d7 13. Rc1 Bxf3 14. Bxf3 c6 15.
Be2 b6 16. cxb6 Nxb6 17. f4 g6 18. g4 f5 19. exf6 Bxf6 20. Nb1 Qe7 21. Nd2 a4
22. Nf3 axb3 23. axb3 N6d7 24. Ne1 Rc8 25. Nd3 Ra2 26. Bf3 Rc7 27. Rf2 Rca7 28.
b4 Nb6 29. g5 Bg7 30. Rxa2 Rxa2 31. Bg4 Nc4 32. Bf2 Nd7 33. Ra1 Rd2 34. Qf3 Nf8
35. Ra8 Qb7 36. Bxe6+ Kh8 37. Ne5 Nxe5 38. Rxf8+ Bxf8 39. fxe5 Bxb4 40. Be1 Rb2
41. Bxb4 Rb1+ 42. Kg2 Rb2+ 43. Kg3 1-0

[Event "URS"]
[Site "Soviet Union"]
[Date "1986.??.??"]
[Round "?"]
[White "Khalifman, Alexander"]
[Black "Shabalov, Alexander"]
[Result "1/2-1/2"]
[WhiteElo "2400"]
[BlackElo "2370"]
[PlyCount "42"]
[EventDate "1986.??.??"]
[EventType "game"]
[EventRounds "9"]
[EventCountry "URS"]
[SourceTitle "EXT 2008"]
[Source "ChessBase"]
[SourceDate "2007.11.25"]
[SourceVersion "1"]
[SourceVersionDate "2007.11.25"]
[SourceQuality "1"]

1. d4 Nf6 2. c4 e6 3. g3 c5 4. d5 exd5 5. cxd5 d6 6. Nc3 g6 7. Nf3 Bg7 8. Bg2
O-O 9. O-O Nbd7 10. Nd2 a6 11. a4 Re8 12. Nc4 Ne5 13. Nxe5 Rxe5 14. Qc2 Rh5 15.
h4 Re5 16. Rb1 Re8 17. b4 cxb4 18. Rxb4 Bg4 19. e3 Rc8 20. Bb2 Rc7 21. Qb3 Qc8
1/2-1/2

[Event "URS"]
[Site "Soviet Union"]
[Date "1986.??.??"]
[Round "?"]
[White "Shabalov, Alexander"]
[Black "Khalifman, Alexander"]
[Result "1/2-1/2"]
[WhiteElo "2365"]
[BlackElo "2490"]
[PlyCount "82"]
[EventDate "1986.??.??"]
[EventType "game"]
[EventRounds "9"]
[EventCountry "URS"]
[SourceTitle "EXT 2008"]
[Source "ChessBase"]
[SourceDate "2007.11.25"]
[SourceVersion "1"]
[SourceVersionDate "2007.11.25"]
[SourceQuality "1"]

1. Nf3 Nf6 2. c4 g6 3. Nc3 Bg7 4. e4 d6 5. d4 O-O 6. Be2 e5 7. dxe5 dxe5 8.
Qxd8 Rxd8 9. Bg5 Re8 10. Nd5 Nxd5 11. cxd5 c6 12. Bc4 cxd5 13. Bxd5 Na6 14. Ke2
Nc7 15. Bb3 Bd7 16. Nd2 Bc6 17. Be3 Ne6 18. Rhd1 Kf8 19. Bxe6 Rxe6 20. a4 f5
21. b4 a6 22. Nb3 Kg8 23. Nc5 Re7 24. f3 b6 25. Nxa6 fxe4 26. fxe4 Bxe4 27. b5
Bxg2 28. Rd6 e4 29. Rc1 Bf3+ 30. Kf2 Rf8 31. Kg1 Bg4 32. Rxb6 Rf3 33. Rb8+ Kf7
34. Rf1 Be5 35. b6 Bxb8 36. Nxb8 Ke8 37. Rxf3 exf3 38. Kf2 Re4 39. Na6 Bc8 40.
Nc5 Rb4 41. a5 Rb5 1/2-1/2

[Event "URS"]
[Site "Soviet Union"]
[Date "1986.??.??"]
[Round "?"]
[White "Solozhenkin, Evgeniy"]
[Black "Khalifman, Alexander"]
[Result "1/2-1/2"]
[WhiteElo "2460"]
[BlackElo "2490"]
[PlyCount "24"]
[EventDate "1986.??.??"]
[EventType "game"]
[EventRounds "9"]
[EventCountry "URS"]
[SourceTitle "EXT 2008"]
[Source "ChessBase"]
[SourceDate "2007.11.25"]
[SourceVersion "1"]
[SourceVersionDate "2007.11.25"]
[SourceQuality "1"]

1. d4 d5 2. c4 Bf5 3. Nf3 e6 4. Nc3 c6 5. e3 Nf6 6. Be2 Bd6 7. Nh4 Bg6 8. Nxg6
hxg6 9. g3 Nbd7 10. O-O O-O 11. b3 Qe7 12. Bb2 Ba3 1/2-1/2

[Event "Plovdiv"]
[Site "Plovdiv"]
[Date "1986.??.??"]
[Round "2"]
[White "Khalifman, Alexander"]
[Black "Rasmussen, Karsten"]
[Result "1/2-1/2"]
[WhiteElo "2490"]
[BlackElo "2500"]
[PlyCount "71"]
[EventDate "1986.06.24"]
[EventType "tourn"]
[EventRounds "11"]
[EventCountry "BUL"]
[EventCategory "10"]
[SourceTitle "EXT 2000"]
[Source "ChessBase"]
[SourceDate "1999.11.16"]
[SourceVersion "1"]
[SourceVersionDate "1999.11.16"]
[SourceQuality "1"]

1. e4 c6 2. d4 d5 3. Nc3 dxe4 4. Nxe4 Bf5 5. Nc5 Qc7 6. Ne2 e6 7. Nd3 Nf6 8.
Ng3 Bg6 9. h4 Nbd7 10. h5 Bxd3 11. Qxd3 O-O-O 12. Be2 e5 13. O-O exd4 14. Qxd4
Bc5 15. Qh4 Rhe8 16. h6 gxh6 17. Bxh6 Bd6 18. Bf3 Ng8 19. Bg5 f6 20. Bd2 Ne7
21. Rad1 Ng6 22. Qh3 Kb8 23. b3 Nde5 24. Bh5 Nf7 25. Nf5 Ng5 26. Bxg5 fxg5 27.
Qg4 Be7 28. Ng7 Rxd1 29. Rxd1 Rd8 30. Ne6 Rxd1+ 31. Qxd1 Qe5 32. Qd7 a6 33.
Bxg6 hxg6 34. Qxe7 Qa1+ 35. Kh2 Qh8+ 36. Kg1 1/2-1/2

[Event "Plovdiv"]
[Site "Plovdiv"]
[Date "1986.??.??"]
[Round "3"]
[White "Tringov, Georgi Petrov"]
[Black "Khalifman, Alexander"]
[Result "1/2-1/2"]
[WhiteElo "2475"]
[BlackElo "2490"]
[PlyCount "36"]
[EventDate "1986.06.24"]
[EventType "tourn"]
[EventRounds "11"]
[EventCountry "BUL"]
[EventCategory "10"]
[SourceTitle "EXT 2000"]
[Source "ChessBase"]
[SourceDate "1999.11.16"]
[SourceVersion "1"]
[SourceVersionDate "1999.11.16"]
[SourceQuality "1"]

1. e4 c5 2. Nf3 d6 3. d4 cxd4 4. Nxd4 Nf6 5. Nc3 g6 6. Be2 Bg7 7. O-O Nc6 8.
Nb3 O-O 9. Be3 a5 10. a4 Be6 11. f4 Bxb3 12. cxb3 e6 13. Bf3 Nb4 14. Rc1 d5 15.
exd5 Nfxd5 16. Nxd5 Nxd5 17. Bxd5 Qxd5 18. Qxd5 exd5 1/2-1/2

[Event "Plovdiv"]
[Site "Plovdiv"]
[Date "1986.??.??"]
[Round "5"]
[White "Khalifman, Alexander"]
[Black "Kirov, Nino"]
[Result "1/2-1/2"]
[WhiteElo "2490"]
[BlackElo "2485"]
[PlyCount "32"]
[EventDate "1986.06.24"]
[EventType "tourn"]
[EventRounds "11"]
[EventCountry "BUL"]
[EventCategory "10"]
[SourceTitle "EXT 2000"]
[Source "ChessBase"]
[SourceDate "1999.11.16"]
[SourceVersion "1"]
[SourceVersionDate "1999.11.16"]
[SourceQuality "1"]

1. d4 d5 2. c4 c6 3. Nc3 Nf6 4. Nf3 dxc4 5. a4 Bf5 6. e3 e6 7. Bxc4 Bb4 8. O-O
O-O 9. Qe2 Nbd7 10. e4 Bg4 11. Rd1 Qe7 12. Na2 Ba5 13. e5 Nd5 14. h3 Bxf3 15.
Qxf3 f6 16. exf6 N7xf6 1/2-1/2

[Event "Plovdiv"]
[Site "Plovdiv"]
[Date "1986.??.??"]
[Round "7"]
[White "Khalifman, Alexander"]
[Black "Inkiov, Ventzislav"]
[Result "1-0"]
[WhiteElo "2490"]
[BlackElo "2465"]
[Annotator "Bulletin"]
[PlyCount "123"]
[EventDate "1986.06.24"]
[EventType "tourn"]
[EventRounds "11"]
[EventCountry "BUL"]
[EventCategory "10"]
[SourceTitle "EXT 2000"]
[Source "ChessBase"]
[SourceDate "1999.11.16"]
[SourceVersion "1"]
[SourceVersionDate "1999.11.16"]
[SourceQuality "1"]

1. e4 e5 2. Nf3 Nc6 3. Bb5 f5 4. Nc3 Nd4 5. Bc4 d6 6. d3 Nxf3+ 7. Qxf3 Nf6 8.
Bg5 c6 9. O-O-O h6 10. Bxf6 Qxf6 11. Rhe1 fxe4 (11... Be7 $142) 12. Qxe4 Bf5
13. Qe3 Be7 14. d4 Qg5 15. dxe5 Qxe3+ 16. fxe3 dxe5 17. Rf1 Rf8 18. Nb5 $1 Rc8
19. Rxf5 Rxf5 20. Be6 cxb5 21. Bxc8 Rf6 (21... Rf2 $142 22. Bxb7 b4 $1) 22.
Bxb7 Rb6 23. Be4 Bc5 24. Rd3 Ke7 25. Kd2 Rd6 26. Bd5 b4 27. Ke2 Rf6 28. Rd2 Bb6
29. Rd1 Rd6 30. Kf3 Rf6+ 31. Ke2 Rd6 32. Kf3 Rf6+ 33. Ke4 Rf2 34. Kd3 g5 35. h3
h5 36. Be4 a5 37. Re1 Kd6 38. Kc4 Rd2 39. Kb5 Kc7 40. Ka4 g4 41. hxg4 hxg4 42.
a3 bxa3 43. Kxa3 Bc5+ 44. Kb3 g3 45. Kc4 Kb6 46. b3 Rd8 47. c3 Rd2 48. Bd5 Rc2
49. Rd1 Bb4 $2 (49... Bxe3 $11) 50. Rd3 Ba3 51. Be4 Bb4 52. Ba8 Ka7 53. Bd5 Kb6
54. Be4 Rc1 55. Ba8 Ka7 56. Bd5 Kb6 57. e4 Kc7 58. Rxg3 Kd6 59. Rf3 Ba3 60. Kb5
Bb2 61. c4 Bd4 62. Kxa5 1-0

[Event "Plovdiv"]
[Site "Plovdiv"]
[Date "1986.??.??"]
[Round "9"]
[White "Khalifman, Alexander"]
[Black "Uhlmann, Wolfgang"]
[Result "1/2-1/2"]
[WhiteElo "2490"]
[BlackElo "2505"]
[PlyCount "125"]
[EventDate "1986.06.24"]
[EventType "tourn"]
[EventRounds "11"]
[EventCountry "BUL"]
[EventCategory "10"]
[SourceTitle "EXT 2000"]
[Source "ChessBase"]
[SourceDate "1999.11.16"]
[SourceVersion "1"]
[SourceVersionDate "1999.11.16"]
[SourceQuality "1"]

1. e4 e6 2. d4 d5 3. Nd2 c5 4. Ngf3 Nc6 5. exd5 exd5 6. Bb5 Bd6 7. dxc5 Bxc5 8.
O-O Nge7 9. Nb3 Bd6 10. Re1 O-O 11. Bg5 Bg4 12. Be2 Re8 13. c3 a6 14. Bh4 Qb6
15. Nfd4 Bxe2 16. Rxe2 Nxd4 17. Nxd4 Nc6 18. Nf5 Be5 19. Qd3 Qb5 20. Ne7+ Nxe7
21. Qxb5 axb5 22. Rxe5 f6 23. Ree1 Nf5 24. Rxe8+ Rxe8 25. Bg3 Re2 26. Rb1 Kf7
27. Kf1 Rc2 28. Bb8 g5 29. Rd1 Ne7 30. Bd6 Nc6 31. Bc5 Ke6 32. Re1+ Ne5 33. Ba3
g4 34. Re2 Rc1+ 35. Re1 Rxe1+ 36. Kxe1 Nd3+ 37. Ke2 Nf4+ 38. Kf1 Ke5 39. f3
gxf3 40. gxf3 d4 41. Bc5 dxc3 42. bxc3 Kd5 43. Bd4 f5 44. Ke1 Kc4 45. Kd2 b4
46. Be5 Nd3 47. Bf6 bxc3+ 48. Bxc3 Nc1 49. Bg7 Nxa2 50. Ke3 Kd5 51. Kf4 Ke6 52.
Kg5 Nb4 53. Kh6 Nd3 54. Kxh7 Ne1 55. f4 Nd3 56. Kg6 Nxf4+ 57. Kg5 Nh3+ 58. Kh4
Ng1 59. Kg3 b5 60. h4 Ne2+ 61. Kf3 Nc1 62. h5 Nd3 63. Ke3 1/2-1/2

[Event "URS-chT Republics 18th Group2"]
[Site "Minsk"]
[Date "1986.07.??"]
[Round "?"]
[White "Sokolov, Andrei"]
[Black "Khalifman, Alexander"]
[Result "1-0"]
[WhiteElo "2620"]
[BlackElo "2500"]
[PlyCount "89"]
[EventDate "1986.07.??"]
[EventType "team-tourn"]
[EventRounds "4"]
[EventCountry "URS"]
[SourceTitle "EXT 2020"]
[Source "ChessBase"]
[SourceDate "2019.10.17"]
[SourceVersion "1"]
[SourceVersionDate "2019.10.17"]
[SourceQuality "1"]
[WhiteTeam "Moscow"]
[BlackTeam "Leningrad"]
[WhiteTeamCountry "RUS"]
[BlackTeamCountry "RUS"]

1. e4 c5 2. Nf3 d6 3. d4 cxd4 4. Nxd4 Nf6 5. Nc3 g6 6. Be2 Bg7 7. O-O O-O 8.
Bg5 Nc6 9. Nb3 Be6 10. f4 b5 11. Bf3 b4 12. Nd5 Bxd5 13. exd5 Na5 14. Qe2 Rc8
15. Kh1 Qb6 16. Nxa5 Qxa5 17. a3 h6 18. Bh4 bxa3 19. Rxa3 Qb4 20. c3 Qxf4 21.
Bg3 Qc4 22. Qxc4 Rxc4 23. Rxa7 Rb8 24. Rxe7 Rxb2 25. Bxd6 Rxc3 26. Be5 Rf2 27.
Kg1 Rxf1+ 28. Kxf1 Rxf3+ 29. gxf3 Nxd5 30. Re8+ Kh7 31. f4 g5 32. Bxg7 Kxg7 33.
fxg5 hxg5 34. Re5 Nf4 35. Rxg5+ Ng6 36. Kf2 f6 37. Rg1 Kh6 38. Kg3 Kg5 39. Kf3+
Kf5 40. Ra1 Kg5 41. Ra5+ Ne5+ 42. Ke4 Kh4 43. Kf5 Kh3 44. Ra2 Nd7 45. Ra7 1-0

[Event "URS-chT Republics 18th final A"]
[Site "Minsk"]
[Date "1986.07.19"]
[Round "3"]
[White "Giorgadze, Giorgi"]
[Black "Khalifman, Alexander"]
[Result "0-1"]
[WhiteElo "2340"]
[BlackElo "2490"]
[PlyCount "94"]
[EventDate "1986.07.??"]
[EventType "team-tourn"]
[EventRounds "5"]
[EventCountry "URS"]
[SourceTitle "EXT 2020"]
[Source "ChessBase"]
[SourceDate "2019.10.17"]
[SourceVersion "1"]
[SourceVersionDate "2019.10.17"]
[SourceQuality "1"]
[WhiteTeam "Georgia"]
[BlackTeam "Leningrad"]
[WhiteTeamCountry "GEO"]
[BlackTeamCountry "RUS"]

1. d4 Nf6 2. Nf3 g6 3. g3 Bg7 4. Bg2 c5 5. d5 d6 6. Nc3 O-O 7. O-O Na6 8. Nd2
Rb8 9. a4 e6 10. Nc4 {?!} (10. Nde4 $14 {!}) 10... exd5 11. Nxd5 Nxd5 12. Bxd5
Bh3 13. Re1 (13. Bg2 Bxg2 14. Kxg2 d5 $15) 13... Nb4 14. Bf4 {?!} (14. Nxd6 Be5
{!} 15. Nxf7 Rxf7 16. Bxf7+ Kxf7 $15) 14... Nxd5 15. Qxd5 Be6 16. Qd3 g5 {!}
17. Bc1 d5 18. Na3 h6 {$17} 19. c3 Qd7 20. Nc2 Bf5 21. Qd1 Rbd8 22. Ne3 Bg6 23.
Ng2 Rfe8 24. h4 Bf6 {!} 25. hxg5 hxg5 26. Bd2 Kg7 27. f3 Qh3 28. Kf2 Be5 29. f4
Be4 {!} 30. Rg1 Bc7 31. Qf1 Re6 32. Ne3 Qh2+ 33. Ke1 d4 {!} 34. cxd4 cxd4 35.
Ng4 Qh5 36. Ne5 Bxe5 37. fxe5 Rxe5 38. g4 Qg6 (38... Qh4+ 39. Qf2 (39. Kd1 {!?}
) 39... Bf3 {!} 40. Qxh4 Rxe2+) 39. Rg3 Bd3 40. Bxg5 Bxe2 41. Qf5 Rde8 42.
Qxg6+ fxg6 43. Bf4 Re4 44. Bd6 Bxg4+ 45. Kf2 Rd8 46. Bb4 Re2+ 47. Kg1 Bf5 {
[ A. KHALIFMAN ]} 0-1

[Event "URS-chT Republics 18th final A"]
[Site "Minsk"]
[Date "1986.07.22"]
[Round "5"]
[White "Pigusov, Evgeny"]
[Black "Khalifman, Alexander"]
[Result "1/2-1/2"]
[WhiteElo "2500"]
[BlackElo "2500"]
[PlyCount "25"]
[EventDate "1986.07.??"]
[EventType "team-tourn"]
[EventRounds "5"]
[EventCountry "URS"]
[SourceTitle "EXT 2020"]
[Source "ChessBase"]
[SourceDate "2019.10.17"]
[SourceVersion "1"]
[SourceVersionDate "2019.10.17"]
[SourceQuality "1"]
[WhiteTeam "Russia"]
[BlackTeam "Leningrad"]
[WhiteTeamCountry "RUS"]
[BlackTeamCountry "RUS"]

1. Nf3 Nf6 2. c4 g6 3. g3 c5 4. Bg2 Bg7 5. O-O O-O 6. d4 cxd4 7. Nxd4 Nc6 8.
Nc3 Ng4 9. e3 d6 10. b3 Nxd4 11. exd4 Nh6 12. Bb2 Nf5 13. Nd5 1/2-1/2